000 00832nam a2200217 i 4500
001 72983
003 ES-MaACL
005 20250902221847.0
007 t|
008 040906s1949 ag ||||1| spa d
100 1 _aGoldenhorn, Simón.
_957656
245 1 0 _aCalculista de estructuras de hormigón armado, hierro y madera
_b: datos sobre construcciones, materiales de construcción /
_cpor Simón Goldenhorn.
250 _a6ª ed.
260 _aBuenos Aires :
_b[s.n.,
_c1949] (
_fTalls. J.L. Rosso)
300 _a635 p. :
_bil. ;
_c30 cm.
650 7 _aEstructuras de hormigón armado
_2embne
_9164177
650 7 _aEstructuras metálicas-
_xDiseño y construcción
_2
_9164182
650 7 _aEstructuras de madera-
_xDiseño y construcción
_2
_9164183
852 _aES-MaACL
_jD-7041
_bR.30494
999 _c72983
_d72983